00660nam a2200217Ia 450000500170000000800410001704000190005804100120007708200160008910000200010524500740012525000120019926000330021130000160024450400190026065000150027985000100029494200070030499900170031195201140032820240419144730.0131103s9999 xx 000 0 und d aLoreto College aEnglish a370.15bDRE aDreikurs,Rudolf aPsychology in the classroomb a manual for teachers cRudolf Dreikurs a2nd ed. aNew YorkbHarper & Rowc1968 axvi,284 p.  aIncludes index aPsychology aLCBED cBK c26852d77331 00102ddc4070aMAINbMAINd2013-11-04l1o370.15 DRE 9293pB29692r2014-03-21s2014-03-14w2013-11-04yBKf